<?xml version="1.0" encoding="UTF-8"?>
<record
    xmlns:xsi="http://www.w3.org/2001/XMLSchema-instance"
    xsi:schemaLocation="http://www.loc.gov/MARC21/slim http://www.loc.gov/standards/marcxml/schema/MARC21slim.xsd"
    xmlns="http://www.loc.gov/MARC21/slim">

  <leader>03074nam a22002657a 4500</leader>
  <controlfield tag="003">NALT</controlfield>
  <controlfield tag="005">20260309105836.0</controlfield>
  <controlfield tag="008">230106b        th ||||| |||| 00| 0 tha d</controlfield>
  <datafield tag="020" ind1=" " ind2=" ">
    <subfield code="a">9786164763005</subfield>
  </datafield>
  <datafield tag="040" ind1=" " ind2=" ">
    <subfield code="a">NALT</subfield>
  </datafield>
  <datafield tag="090" ind1=" " ind2=" ">
    <subfield code="a">KD 51</subfield>
    <subfield code="b">&#xE20;664&#xE1B; 2565</subfield>
  </datafield>
  <datafield tag="100" ind1="0" ind2=" ">
    <subfield code="a">&#xE20;&#xE39;&#xE21;&#xE34; &#xE21;&#xE39;&#xE25;&#xE28;&#xE34;&#xE25;&#xE1B;&#xE4C;.</subfield>
    <subfield code="9">23368</subfield>
  </datafield>
  <datafield tag="245" ind1="1" ind2="0">
    <subfield code="a">&#xE1B;&#xE23;&#xE30;&#xE40;&#xE14;&#xE47;&#xE19;&#xE2A;&#xE33;&#xE04;&#xE31;&#xE0D;&#xE17;&#xE35;&#xE48;&#xE1E;&#xE36;&#xE07;&#xE21;&#xE35;&#xE43;&#xE19;&#xE23;&#xE31;&#xE10;&#xE18;&#xE23;&#xE23;&#xE21;&#xE19;&#xE39;&#xE0D;&#xE41;&#xE2B;&#xE48;&#xE07;&#xE23;&#xE32;&#xE0A;&#xE2D;&#xE32;&#xE13;&#xE32;&#xE08;&#xE31;&#xE01;&#xE23;&#xE44;&#xE17;&#xE22; /</subfield>
    <subfield code="c">&#xE20;&#xE39;&#xE21;&#xE34; &#xE21;&#xE39;&#xE25;&#xE28;&#xE34;&#xE25;&#xE1B;&#xE4C; &#xE41;&#xE25;&#xE30;&#xE04;&#xE13;&#xE30;.</subfield>
  </datafield>
  <datafield tag="250" ind1=" " ind2=" ">
    <subfield code="a">&#xE1E;&#xE34;&#xE21;&#xE1E;&#xE4C;&#xE04;&#xE23;&#xE31;&#xE31;&#xE49;&#xE07;&#xE17;&#xE35;&#xE48; 1.</subfield>
  </datafield>
  <datafield tag="260" ind1=" " ind2=" ">
    <subfield code="a">&#xE01;&#xE23;&#xE38;&#xE07;&#xE40;&#xE17;&#xE1E;&#xE2F; :</subfield>
    <subfield code="b">&#xE2A;&#xE16;&#xE32;&#xE1A;&#xE31;&#xE19;&#xE1E;&#xE23;&#xE30;&#xE1B;&#xE01;&#xE40;&#xE01;&#xE25;&#xE49;&#xE32;,</subfield>
    <subfield code="c">2565.</subfield>
  </datafield>
  <datafield tag="300" ind1=" " ind2=" ">
    <subfield code="a">431 &#xE2B;&#xE19;&#xE49;&#xE32; :</subfield>
    <subfield code="b">&#xE15;&#xE32;&#xE23;&#xE32;&#xE07; ;</subfield>
    <subfield code="c">20 &#xE0B;&#xE21;.</subfield>
  </datafield>
  <datafield tag="490" ind1=" " ind2="0">
    <subfield code="a">&#xE01;&#xE32;&#xE23;&#xE1B;&#xE23;&#xE31;&#xE1A;&#xE1B;&#xE23;&#xE38;&#xE07;&#xE42;&#xE04;&#xE23;&#xE07;&#xE2A;&#xE23;&#xE49;&#xE32;&#xE07;&#xE41;&#xE25;&#xE30;&#xE40;&#xE19;&#xE37;&#xE49;&#xE2D;&#xE2B;&#xE32;&#xE02;&#xE2D;&#xE07;&#xE23;&#xE31;&#xE10;&#xE18;&#xE23;&#xE23;&#xE21;&#xE19;&#xE39;&#xE0D;&#xE40;&#xE1E;&#xE37;&#xE48;&#xE2D;&#xE01;&#xE32;&#xE23;&#xE1B;&#xE0F;&#xE34;&#xE23;&#xE39;&#xE1B; 2565 (Big Rock 5) </subfield>
  </datafield>
  <datafield tag="505" ind1="0" ind2=" ">
    <subfield code="a">1. &#xE23;&#xE39;&#xE1B;&#xE41;&#xE1A;&#xE1A;&#xE02;&#xE2D;&#xE07;&#xE23;&#xE31;&#xE10;&#xE41;&#xE25;&#xE30;&#xE23;&#xE30;&#xE1A;&#xE2D;&#xE1A;&#xE01;&#xE32;&#xE23;&#xE1B;&#xE01;&#xE04;&#xE23;&#xE2D;&#xE07; / &#xE20;&#xE39;&#xE21;&#xE34; &#xE21;&#xE39;&#xE25;&#xE28;&#xE34;&#xE25;&#xE1B;&#xE4C; -- 2. &#xE1E;&#xE23;&#xE30;&#xE23;&#xE32;&#xE0A;&#xE2A;&#xE16;&#xE32;&#xE19;&#xE30;&#xE41;&#xE25;&#xE30;&#xE1E;&#xE23;&#xE30;&#xE23;&#xE32;&#xE0A;&#xE2D;&#xE33;&#xE19;&#xE32;&#xE08;&#xE02;&#xE2D;&#xE07;&#xE1E;&#xE23;&#xE30;&#xE21;&#xE2B;&#xE32;&#xE01;&#xE29;&#xE31;&#xE15;&#xE23;&#xE34;&#xE22;&#xE4C;&#xE20;&#xE32;&#xE22;&#xE43;&#xE15;&#xE49;&#xE23;&#xE31;&#xE10;&#xE18;&#xE23;&#xE23;&#xE21;&#xE19;&#xE39;&#xE0D;&#xE2B;&#xE21;&#xE27;&#xE14;&#xE1E;&#xE23;&#xE30;&#xE21;&#xE2B;&#xE32;&#xE01;&#xE29;&#xE31;&#xE15;&#xE23;&#xE34;&#xE22;&#xE4C; / &#xE27;&#xE34;&#xE28;&#xE23;&#xE38;&#xE15; &#xE2A;&#xE33;&#xE25;&#xE35;&#xE2D;&#xE48;&#xE2D;&#xE19; -- 3. &#xE2A;&#xE34;&#xE17;&#xE18;&#xE34;&#xE41;&#xE25;&#xE30;&#xE40;&#xE2A;&#xE23;&#xE35;&#xE20;&#xE32;&#xE1E; / &#xE01;&#xE34;&#xE15;&#xE15;&#xE34; &#xE0A;&#xE22;&#xE32;&#xE07;&#xE04;&#xE01;&#xE38;&#xE25; -- 4. &#xE41;&#xE19;&#xE27;&#xE19;&#xE42;&#xE22;&#xE1A;&#xE32;&#xE22;&#xE1E;&#xE37;&#xE49;&#xE19;&#xE10;&#xE32;&#xE19;&#xE41;&#xE2B;&#xE48;&#xE07;&#xE23;&#xE31;&#xE10; / &#xE40;&#xE1E;&#xE47;&#xE0A;&#xE23;&#xE31;&#xE15;&#xE19;&#xE4C; &#xE44;&#xE2A;&#xE22;&#xE2A;&#xE21;&#xE1A;&#xE31;&#xE15;&#xE34; -- 5. &#xE1E;&#xE23;&#xE23;&#xE04;&#xE01;&#xE32;&#xE23;&#xE40;&#xE21;&#xE37;&#xE2D;&#xE07;&#xE01;&#xE31;&#xE1A;&#xE01;&#xE32;&#xE23;&#xE40;&#xE25;&#xE37;&#xE2D;&#xE01;&#xE15;&#xE31;&#xE49;&#xE07; / &#xE20;&#xE39;&#xE21;&#xE34; &#xE21;&#xE39;&#xE25;&#xE28;&#xE34;&#xE25;&#xE1B;&#xE4C; &#xE41;&#xE25;&#xE30;&#xE01;&#xE24;&#xE15;&#xE34;&#xE18;&#xE35; &#xE40;&#xE2D;&#xE01;&#xE27;&#xE23;&#xE32;&#xE01;&#xE23; -- 6. &#xE04;&#xE13;&#xE30;&#xE23;&#xE31;&#xE10;&#xE21;&#xE19;&#xE15;&#xE23;&#xE35; / &#xE40;&#xE01;&#xE27;&#xE25;&#xE34;&#xE19; &#xE15;&#xE48;&#xE2D;&#xE1B;&#xE31;&#xE0D;&#xE0D;&#xE32;&#xE0A;&#xE32;&#xE0D; -- 7. &#xE1A;&#xE17;&#xE1A;&#xE31;&#xE0D;&#xE0D;&#xE31;&#xE15;&#xE34;&#xE20;&#xE32;&#xE22;&#xE43;&#xE15;&#xE49;&#xE23;&#xE31;&#xE10;&#xE18;&#xE23;&#xE23;&#xE21;&#xE19;&#xE39;&#xE0D;&#xE27;&#xE48;&#xE32;&#xE14;&#xE49;&#xE27;&#xE22;&#xE40;&#xE23;&#xE37;&#xE48;&#xE2D;&#xE07;&#xE28;&#xE32;&#xE25; / &#xE2A;&#xE32;&#xE18;&#xE34;&#xE15;&#xE32; &#xE27;&#xE34;&#xE21;&#xE25;&#xE04;&#xE38;&#xE13;&#xE32;&#xE23;&#xE31;&#xE01;&#xE29;&#xE4C; -- 8. &#xE2D;&#xE07;&#xE04;&#xE4C;&#xE01;&#xE23;&#xE2D;&#xE34;&#xE2A;&#xE23;&#xE30;&#xE15;&#xE32;&#xE21;&#xE23;&#xE31;&#xE10;&#xE18;&#xE23;&#xE23;&#xE21;&#xE19;&#xE39;&#xE0D; / &#xE40;&#xE08;&#xE19;&#xE1E;&#xE25; &#xE17;&#xE2D;&#xE07;&#xE22;&#xE37;&#xE19; -- 9. &#xE01;&#xE32;&#xE23;&#xE1B;&#xE01;&#xE04;&#xE23;&#xE2D;&#xE07;&#xE2A;&#xE48;&#xE27;&#xE19;&#xE17;&#xE49;&#xE2D;&#xE07;&#xE16;&#xE34;&#xE48;&#xE19; / &#xE19;&#xE34;&#xE23;&#xE31;&#xE19;&#xE14;&#xE23;&#xE4C; &#xE17;&#xE23;&#xE07;&#xE19;&#xE34;&#xE23;&#xE31;&#xE19;&#xE14;&#xE23;&#xE4C; -- 10. &#xE01;&#xE32;&#xE23;&#xE04;&#xE27;&#xE1A;&#xE04;&#xE38;&#xE21;&#xE15;&#xE23;&#xE27;&#xE08;&#xE2A;&#xE2D;&#xE1A;&#xE01;&#xE32;&#xE23;&#xE43;&#xE0A;&#xE49;&#xE2D;&#xE33;&#xE19;&#xE32;&#xE08;&#xE23;&#xE31;&#xE10; / &#xE27;&#xE19;&#xE34;&#xE14;&#xE32; &#xE41;&#xE2A;&#xE07;&#xE2A;&#xE32;&#xE23;&#xE1E;&#xE31;&#xE19;&#xE18;&#xE4C; -- 11. &#xE23;&#xE31;&#xE10;&#xE2A;&#xE20;&#xE32; / &#xE20;&#xE39;&#xE21;&#xE34; &#xE21;&#xE39;&#xE25;&#xE28;&#xE34;&#xE25;&#xE1B;&#xE4C; -- 12. &#xE01;&#xE32;&#xE23;&#xE41;&#xE01;&#xE49;&#xE44;&#xE02;&#xE40;&#xE1E;&#xE34;&#xE48;&#xE21;&#xE40;&#xE15;&#xE34;&#xE21;&#xE23;&#xE31;&#xE10;&#xE18;&#xE23;&#xE23;&#xE21;&#xE19;&#xE39;&#xE0D; / &#xE1E;&#xE34;&#xE0A;&#xE0A;&#xE32; &#xE43;&#xE08;&#xE2A;&#xE21;&#xE04;&#xE21;.</subfield>
  </datafield>
  <datafield tag="650" ind1=" " ind2="4">
    <subfield code="9">5420</subfield>
    <subfield code="a">&#xE23;&#xE31;&#xE10;&#xE18;&#xE23;&#xE23;&#xE21;&#xE19;&#xE39;&#xE0D; </subfield>
    <subfield code="z">&#xE44;&#xE17;&#xE22;</subfield>
    <subfield code="y">2560</subfield>
  </datafield>
  <datafield tag="650" ind1=" " ind2="4">
    <subfield code="9">59821</subfield>
    <subfield code="a">&#xE01;&#xE32;&#xE23;&#xE41;&#xE01;&#xE49;&#xE44;&#xE02;&#xE23;&#xE31;&#xE10;&#xE18;&#xE23;&#xE23;&#xE21;&#xE19;&#xE39;&#xE0D;</subfield>
    <subfield code="z">&#xE44;&#xE17;&#xE22;</subfield>
    <subfield code="y">2560</subfield>
  </datafield>
  <datafield tag="850" ind1=" " ind2=" ">
    <subfield code="a">NALT</subfield>
  </datafield>
  <datafield tag="942" ind1=" " ind2=" ">
    <subfield code="c">LB</subfield>
    <subfield code="2">local</subfield>
  </datafield>
  <datafield tag="998" ind1=" " ind2=" ">
    <subfield code="a">bijaya</subfield>
    <subfield code="c">103</subfield>
    <subfield code="b">phon</subfield>
    <subfield code="j">111</subfield>
    <subfield code="k"> &#xE19;&#xE32;&#xE07;&#xE2A;&#xE32;&#xE27;&#xE1E;&#xE08;&#xE1E;&#xE34;&#xE13;  &#xE1E;&#xE23;&#xE21;&#xE40;&#xE2D;&#xE35;&#xE48;&#xE22;&#xE21;</subfield>
  </datafield>
  <datafield tag="999" ind1=" " ind2=" ">
    <subfield code="c">101273</subfield>
    <subfield code="d">101273</subfield>
  </datafield>
  <datafield tag="952" ind1=" " ind2=" ">
    <subfield code="0">0</subfield>
    <subfield code="1">0</subfield>
    <subfield code="2">local</subfield>
    <subfield code="4">0</subfield>
    <subfield code="7">0</subfield>
    <subfield code="8">CLAW</subfield>
    <subfield code="a">NALT</subfield>
    <subfield code="b">NALT</subfield>
    <subfield code="c">LAW</subfield>
    <subfield code="d">2023-01-06</subfield>
    <subfield code="l">83</subfield>
    <subfield code="m">75</subfield>
    <subfield code="o">KD 51 &#xE20;664&#xE1B; 2565</subfield>
    <subfield code="p">3961213435</subfield>
    <subfield code="q">2026-03-23</subfield>
    <subfield code="r">2026-03-09 00:00:00</subfield>
    <subfield code="s">2026-03-09</subfield>
    <subfield code="t">&#xE09;.1</subfield>
    <subfield code="w">2023-01-06</subfield>
    <subfield code="y">LB</subfield>
  </datafield>
  <datafield tag="952" ind1=" " ind2=" ">
    <subfield code="0">0</subfield>
    <subfield code="1">0</subfield>
    <subfield code="2">local</subfield>
    <subfield code="4">0</subfield>
    <subfield code="7">0</subfield>
    <subfield code="8">CLAW</subfield>
    <subfield code="a">NALT</subfield>
    <subfield code="b">NALT</subfield>
    <subfield code="c">LAW</subfield>
    <subfield code="d">2023-01-06</subfield>
    <subfield code="l">2</subfield>
    <subfield code="m">2</subfield>
    <subfield code="o">KD 51 &#xE20;664&#xE1B; 2565</subfield>
    <subfield code="p">3961213445</subfield>
    <subfield code="r">2025-08-25 00:00:00</subfield>
    <subfield code="s">2025-08-05</subfield>
    <subfield code="t">&#xE09;.2</subfield>
    <subfield code="w">2023-01-06</subfield>
    <subfield code="y">LB</subfield>
  </datafield>
</record>
